Ogilvy on advertising

A candid and indispensable primer on all aspects of advertising from the man Time has called "the most sought after wizard in the business". 223 photos.

Đã lưu trong:
書目詳細資料
主要作者: Ogilvy, David
格式: 圖書
語言:Undetermined
出版: New York Random House 1983
主題:
標簽: 添加標簽
沒有標簽, 成為第一個標記此記錄!
Thư viện lưu trữ: Trung tâm Học liệu Trường Đại học Cần Thơ
LEADER 00667nam a2200205Ia 4500
001 CTU_179514
008 210402s9999 xx 000 0 und d
020 |c 363000 
082 |a 659.1 
082 |b O.34 
100 |a Ogilvy, David 
245 0 |a Ogilvy on advertising 
245 0 |c David Ogilvy 
260 |a New York 
260 |b Random House 
260 |c 1983 
520 |a A candid and indispensable primer on all aspects of advertising from the man Time has called "the most sought after wizard in the business". 223 photos. 
650 |a Advertising,Quảng cáo 
904 |i Trọng Hiếu 
980 |a Trung tâm Học liệu Trường Đại học Cần Thơ